| 000 | 01385nab a22002057a 4500 | ||
|---|---|---|---|
| 999 |
_c6258 _d6258 |
||
| 003 | OSt | ||
| 005 | 20260128020853.0 | ||
| 008 | 190514b xxu||||| |||| 00| 0 spa d | ||
| 040 | _cPJ | ||
| 100 |
_96968 _aFreije, Joaquín |
||
| 245 | 1 | 0 |
_aUna necesaria revisión del control judicial de las internaciones por motivos de salud mental / _cJoaquín Freije. |
| 300 | _ap. 87-97 | ||
| 500 | _aCita: TR LALEY AR/DOC/2507/2025. | ||
| 505 | _aSumario: I. Introducción.— II. Marco de protección de derechos humanos durante la internación.— III. La situación de riesgo cierto e inminente como presupuesto limitativo de la internación involuntaria.— IV. El uso de internaciones para casos diferentes al riesgo cierto e inminente.— V. Un problema específico: la falta de control de los supuestos legales de la internación.— VI. El control de la internación en el modelo procesal tradicional.— VII. Una propuesta de revisión a partir del debido proceso.— VIII. Construcción del rol de la defensa técnica de internaciones por salud mental.— IX. Consideraciones finales. | ||
| 505 | _tSi te interesa el texto, comunicate a koha@justierradelfuego.gov.ar | ||
| 650 | 0 |
_9967 _aDERECHO DE FAMILIA |
|
| 650 | 0 |
_91272 _aSALUD MENTAL |
|
| 773 | 0 |
_02844 _93222 _dBuenos Aires : AbeledoPerrot, 1989- _tDerecho de familia. N° 122 - Noviembre 2025 _z18511201 |
|
| 942 |
_2udc _cANA |
||